000 00983cam a22002891a 4500
001 21100
003 BD-RjUL
005 20211209000640.0
008 140303s1962 caua 001 0 eng
035 _a(BD-RjUL)21164
040 _aDLC
_cDLC
_dDLC
_dBD-RjUL
_beng
041 _aeng
082 0 0 _a537.12
_bCOI
100 1 _aCorson, Dale R.
_927802
245 1 0 _aIntroduction to electromagnetic fields and waves /
_c Dale R. Corson [and] Paul Lorrain.
260 _aSan Francisco :
_bW. H. Freeman,
_c1962.
300 _a552 p. :
_bill. ;
_c25 cm.
490 0 _aA Series of books in physics
500 _aSecond ed. published in 1970 under title: Electromagnetic fields and waves, by P. Lorrain and D. R. Corson.
504 _aIncludes index.
650 0 _aElectromagnetic fields.
_927745
650 0 _aElectromagnetic waves.
_927801
700 1 _aLorrain, Paul,
_ejoint author.
_927800
740 _aElectromagnetic fields and waves.
942 _2ddc
_cBK
999 _c21100
_d21100